Statistics for Camera Brands Quiz

Click here to take the quiz!

General Stats

  • This quiz has been taken 100 times
  • The average score is 6 of 10

Answer Stats

CameraManuafacturer% Correct
5D Mark IVCanon
98%
A7S IISony
92%
D1HNikon
83%
HERO 4GoPro
75%
OM-D EM-1Olympus
64%
GFX 50SFujifilm
58%
K 50Pentax
48%
SLLeica
32%
sd Quattro HSigma
18%
DMC-GF7Panasonic Lumix
13%

Score Distribution

Percentile by Number Answered

Percent of People with Each Score

Your Score History

You have not taken this quiz